Normal view
MARC view
- Chaghtai, Mubeen Naeem
Entry Personal Name
001 - CONTROL NUMBER
- control field: 130720
003 - CONTROL NUMBER IDENTIFIER
- control field: NUST
005 - DATE AND TIME OF LATEST TRANSACTION
- control field: 20250926094237.0
008 - FIXED-LENGTH DATA ELEMENTS
- fixed length control field: 250926|| aca||aabn | a|a d
040 ## - CATALOGING SOURCE
- Original cataloging agency: NUST
- Transcribing agency: NUST
100 ## - HEADING--PERSONAL NAME
- Personal name: Chaghtai, Mubeen Naeem
670 ## - SOURCE DATA FOUND
- Source citation: Work cat.: (NUST): Chaghtai, Mubeen Naeem , Multi-class Concealed Object detection system using Yolov9 Integrated with CBAM /
